Quick Pick: Canada Big 4 Teams Quiz Stats

 Plays Quiz Updated Sep 26, 2016

Score 0/9 Timer 00:30
0 Plays Today
% Correct
Maple Leafs
93.2%
Canadiens
92.9%
Blue Jays
91.6%
Canucks
91%
Raptors
80.7%
Flames
78.5%
Oilers
76.1%
Jets (NHL)
75.1%
Senators
72.8%

Today's Daily Dose

You're not logged in!

Compare scores with friends on all Sporcle quizzes.
OR
Log In

Show Comments

Extras

Top Quizzes Today


Score Distribution

Your Account Isn't Verified!

In order to create a playlist on Sporcle, you need to verify the email address you used during registration. Go to your Sporcle Settings to finish the process.

Report this User

Report this user for behavior that violates our Community Guidelines.

Details: